Code-switching and Bilingualism in Drama Canadian examples /

Elmentve itt :
Bibliográfiai részletek
Szerző: Kürtösi Katalin
Dokumentumtípus: Cikk
Megjelent: 1997
Sorozat:NEUE ROMANIA 18
mtmt:1632346
Online Access:http://publicatio.bibl.u-szeged.hu/5318
LEADER 00629nab a2200181 i 4500
001 publ5318
005 20220511135555.0
008 150706s1997 hu o 0|| zxx d
022 |a 0177-7750 
024 7 |a 1632346  |2 mtmt 
040 |a SZTE Publicatio Repozitórium  |b hun 
041 |a zxx 
100 1 |a Kürtösi Katalin 
245 1 0 |a Code-switching and Bilingualism in Drama   |h [elektronikus dokumentum] :  |b Canadian examples /  |c  Kürtösi Katalin 
260 |c 1997 
300 |a 207-217 
490 0 |a NEUE ROMANIA  |v 18 
856 4 0 |u http://publicatio.bibl.u-szeged.hu/5318/1/Code-switching%20and%20bilingualism%20in%20drama.pdf  |z Dokumentum-elérés